| 000 | 01015nam0a22002411i 4500 | ||
|---|---|---|---|
| 001 | rc\1183784 | ||
| 005 | 20240726055113.0 | ||
| 035 | _a(NLR Aleph) 006425706 | ||
| 090 |
_a5495823 _c5495823 |
||
| 100 | _a20041129d1980 u |0rusy50 ca | ||
| 101 | 0 | _arus | |
| 102 | _aRU | ||
| 105 | _ay ||||||||| | ||
| 200 | 1 |
_aМежвертельная остеотомия при коксартрозе _e(Обоснование, показания, результаты _eКлинико-эксперим. исслед.) _eАвтореф. дис. на соиск. учен. степ. канд. мед. наук _e(14.00.22) |
|
| 210 |
_aКуйбышев _d1980 |
||
| 215 | _a15 с. | ||
| 300 | _aВ надзаг.: Куйбышев. гос. мед. ин-т им. Д.И. Ульянова | ||
| 320 | _aБиблиогр. в конце текста (6 назв.) | ||
| 700 | 1 |
_aНеттов _bГ.Г. _gГазиз Гиноятович |
|
| 801 | 0 |
_aRU _bNLR _gpsbo |
|
| 801 | 1 |
_aRU _bELAR _2rusmarc |
|
| 852 |
_aNLR _j80-4/26708 |
||
| 942 | _cBOOK | ||